00309nam a2200133Ia 4500003000400000005001700004008004000021040000700061041000800068082001100076100001500087245003000102260004300132OSt20240605163252.0210210b1945 xxu||||| |||| 00| 0 eng d cAL aeng a825/46 aBAILEY (J) aDr johnson and his circle aLondonbOxford University Pressc1945